El niño, creador de espectáculo

Uloženo v:
Podrobná bibliografie
Hlavní autor: Lequeux, P (Autor)
Médium: Kniha
Jazyk:španělština
Vydáno: Buenos Aires Kapelusz 1977
Edice:Colección de pedagogía práctica
Témata:
Tagy: Přidat tag
Žádné tagy, Buďte první, kdo vytvoří štítek k tomuto záznamu!

MARC

LEADER 00000nam a2200000 a 4500
001 UCW7088
003 CL-VaPUC
008 920901e19770000AG |||||||||||||||||spa|d
082 0 4 |a 372.21  |b LEQ  |2 21 
100 0 |a Lequeux, P  |e author  |9 312213 
245 1 3 |a El niño, creador de espectáculo 
300 |a 127 p 
942 |c BK 
945 |d 19920901 00:00:00 
260 |a Buenos Aires  |b Kapelusz  |c 1977 
650 0 |a Aptitud creadora   |x Niños   |9 308054 
650 0 |a Educación preescolar  |9 260381 
583 |a last modification  |c 19920901 00:00:00  |k Rodrigo Vera 
490 0 |a Colección de pedagogía práctica 
999 |c 219967  |d 219965 
952 |0 0  |1 0  |4 0  |6 372_210000000000000_LEQ_1977  |7 0  |8 P  |9 211561  |a BIBEDU  |b BIBEDU  |c BIBEDU_PB  |d 2019-11-15  |i 279747K  |o 372.21 LEQ 1977  |p 279747K  |r 2024-01-25  |w 2019-11-15  |y BK  |k EDU